Economy and society: Political economy and rise of capitalism (Record no. 5004)

MARC details
000 -LEADER
fixed length control field 00511nam a2200181Ia 4500
008 - FIXED-LENGTH DATA ELEMENTS--GENERAL INFORMATION
fixed length control field 230917s9999||||xx |||||||||||||| ||und||
020 ## - ISBN
Price RS 595.00
040 ## - CATALOGING SOURCE
-- 5004086
Original cataloging agency VIVEKANANDA LIBRARY
041 ## - Language
-- English
082 ## - DDC NUMBER
Classification number 330.122 S77E(2)
100 ## - MAIN ENTRY--PERSONAL NAME
Personal name Suresh, R R
245 #0 - TITLE STATEMENT
Title Economy and society: Political economy and rise of capitalism
250 ## - EDITION STATEMENT
Edition statement 2nd ed.
260 ## - PUBLICATION, DISTRIBUTION, ETC. (IMPRINT)
Place of publication, distribution, etc New Delhi
Name of publisher, distributor, etc Sage Publications
Date of publication, distribution, etc 2022
300 ## - PHYSICAL DESCRIPTION
Pages xx, 257 p.
500 ## - GENERAL NOTE
General note 4448 21/01/2022 HBD22/9222 27/01/2022 Main Budget
942 ## - ADDED ENTRY ELEMENTS (KOHA)
Koha item type Books
Holdings
Withdrawn status Lost status Damaged status Not for loan Location (home branch) Sublocation or collection (holding branch) Date acquired Koha issues (times borrowed) Koha full call number Accession No. Koha date last seen Koha item type
        VIVEKANANDA LIBRARY VIVEKANANDA LIBRARY 07/03/2022   330.122 S77E(2) 400037 17/09/2023 Books
© Designed and Maintained by Vivekananda Library, MDU Rohtak